000 00339nam a2200133Ia 4500
008 240624s9999 xx 000 0 und d
041 _aeng
082 _a519.8 GIL
100 _aGILAT AMOS
245 _aMATLAB AN INTRODUCTION WITH APPLICATIONS
260 _c2004
_aSingapor
_bJohn Wiley
300 _avii, : 296 : p. : cm. ; 26
365 _c
999 _c3520
_d3520